MARC

LEADER 00000nam0a2200000 4500
001 60344
005 20231031061312.0
010 |a 5020139742 
035 |a (RuTPU)RU\TPU\book\63811 
090 |a 60344 
100 |a 20040206d1991 k y0rusy50 ca 
101 0 |a rus 
102 |a RU 
105 |a a z 001zy 
200 1 |a Теория схем программ  |f В. Е. Котов, В. К. Сабельфельд 
210 |a Москва  |c Наука  |d 1991 
215 |a 247 с.  |c ил. 
320 |a Библиогр.: с. 239-245. 
610 1 |a ЭВМ 
610 1 |a программы 
610 1 |a блок-схемы 
610 1 |a программирование 
610 1 |a языки программирования 
675 |a 519.68  |v 3 
700 1 |a Котов  |b В. Е.  |g Вадим Евгеньевич 
701 1 |a Сабельфельд  |b В. К.  |g Виктор Карлович 
801 1 |a RU  |b 63413507  |c 20040206  |g PSBO 
801 2 |a RU  |b 63413507  |c 20201203  |g PSBO 
900 |a Теория вычислительных процессов 
942 |c BK